000 00867nam a2200253 i 4500
001 172465
003 ES-MaACL
005 20250814092206.0
008 090708s1985 fr |||| | fre d
020 _a2-85199-347-X
080 _a791.43(450)(091)
080 _a791.43(450):32
080 _a32.019.51(450):791.43"1922/1945"
100 0 _aGili, Jean A.
_956934
245 1 0 _aL'Italie de Mussolini et son cinéma /
_cJean A. Gili.
260 _aParis :
_bHenri Veyrier,
_c[1985]
300 _a203 p., [32] p. de lám. ;
_c24 cm.
504 _aIncluye referencias bibliográficas e índices.
650 _aCine-
_zItalia.
_9171022
650 4 _aCine y política-
_zItalia.
_9141004
650 7 _aPropaganda cinematográfica-
_zItalia
_2
_9141005
852 _aES-MaACL
_jE-12777
_9R.139409
_z.- Biblioteca Jacinto Martínez Lacalle
999 _c172465
_d172465